000 003770000a22001090004500
090 _aAS
_bSeriadas
245 1 0 _aHerpetofauna de la cuenca Banao-Higuanojo, Sancti Spíritus, Cuba
041 0 _aEspañol
100 1 _aEstrada, Alberto R.
_999116
942 _cARTICULO
773 1 _tRevista de la Academia Colombiana de Ciencias Exactas, Fisicas y Naturales
_332
_h73
_q353-360
_d1994
_g19
999 _c14114
_d14114